ديوان ملك غرناطة : (Record no. 26260)
[ view plain ]
| 000 -الفاتح | |
|---|---|
| حقل البيانات ثابتة الطول | 00952nam a22002415a 4500 |
| 003 - محدد رقم الضبط | |
| رقم الضبط | OSt |
| 005 - وقت وتاريخ اخر تعامل مع التسجيلة | |
| رقم الضبط | 20180308103247.0 |
| 008 - عناصر البيانات ثابتة الطول - معلومات عامة | |
| حقل البيانات ثابتة الطول | 180308s1965 ua grb 001 0 ara d |
| 040 ## - مصدر الفهرسة | |
| وكالة الفهرسة الأصلية | EG-ScBUE |
| لغة الفهرسة | ara |
| وكالة النسخ | EG-ScBUE |
| 082 04 - رقم تصنيف ديوى العشرى | |
| رقم التصنيف | 892.71 |
| رقم المادة | ي و س |
| رقم الطبعة | 22 |
| 100 0# - المدخل الرئيسى - إسم شخصى | |
| الإسم الشخصى | يوسف |
| الترقيم | الثالث، |
| العنوان والكلمات الأخرى المصاحبة للاسم | ملك غرناطة، |
| التواريخ المصاحبة للاسم | 1376-1417. |
| 245 10 - بيان العنوان | |
| العنوان | ديوان ملك غرناطة : |
| بقية العنوان | يوسف الثالث / |
| بيان المسئوليه,etc | حققه وقدم له ووضع فهارسه عبد الله كنون. |
| 250 ## - بيان الطبعة | |
| بيان الطبعة | ط. 2. |
| 260 ## - PUBLICATION, DISTRIBUTION, ETC. (IMPRINT) | |
| مكان الناشر او الموزع | القاهرة : |
| اسم الناشر او الموزع | مكتبة الأنجلو المصرية، |
| تاريخ النشر أو التوزيع | 1965. |
| 300 ## - الوصف المادى | |
| التعداد | 207 ص. ؛ |
| أبعاد الوعاء | 24 سم. |
| 500 ## - تبصرة عامة | |
| تبصرة عامة | يشتمل على كشاف. |
| 504 ## - تبصرة ببليوجرافية | |
| تبصرة ببليوجرافية,الخ | يشتمل على إرجاعات ببليوجرافية. |
| 650 #7 - المدخل الاضافى بالموضوع-مصطلح موضوعى | |
| مصطلح موضوعي أو اسم جغرافي كعنصر مدخل | الشعر العربي |
| التقسيم الفرعي الجغرافي | الأندلس |
| التقسيم الفرعي الزمني | عصر بنو الأحمر، 1232-1492. |
| مصدر الرأس أو المصطلح | BUEsh |
| 651 ## - المدخل الاضافى بالموضوع - اسم جغرافى | |
| مصدر الرأس أو المصطلح | BUEsh |
| 653 ## - مصطلح تكشيفى غير مقيد | |
| Resource For college | Arabic Literature |
| Arrived date list | March2018 |
| 700 1# - المدخل الاضافى - اسم شخصى | |
| الإسم الشخصى | كنون، عبد الله، |
| الدور | محقق. |
| 942 ## - عناصر المدخل الإضافي( كوها) | |
| مصدر التصنيف او مخطط الترفيف | Dewey Decimal Classification |
| حالة التراجع | حالة الفقد | مصدر التصنيف او خطة الترفيف | حالة تلف | ليس للاعارة | المكان الدائم | المكان الحالي | موقع الترفيف | تاريخ الاكتساب | رقم الاستدعاء | الباركود | Date last seen | نوع الوعاء |
|---|---|---|---|---|---|---|---|---|---|---|---|---|
| Dewey Decimal Classification | Central Library | Central Library | Second Floor | 08/03/2018 | 892.71 ي و س | 000046501 | 15/07/2025 | Book - Borrowing |